[Event "Titled Tue 17th Jun Late"]
[Site "chess.com INT"]
[Date "2025.06.17"]
[Round "1"]
[White "Bukreev, Stanislav"]
[Black "Silva Lucena, Cristian"]
[Result "1-0"]
[WhiteTitle "FM"]
[BlackTitle "FM"]
[WhiteElo "2305"]
[BlackElo "2243"]
[WhiteFideId "34252347"]
[BlackFideId "2232588"]
[EventDate "2025.06.17"]

1. d4 Nf6 2. c4 g6 3. Nf3 Bg7 4. Nc3 O-O 5. g3 d6 6. Bg2 Nc6 7. O-O e5 8. dxe5
dxe5 9. Bg5 h6 10. Qxd8 Rxd8 11. Bxf6 Bxf6 12. Nd5 Kg7 13. Nxc7 Rb8 14. e4 Be7
15. Nd5 Bc5 16. b3 Bg4 17. h3 Bxf3 18. Bxf3 Nd4 19. Kg2 a5 20. Rfd1 f5 21. exf5
gxf5 22. Bh5 Rd6 23. Rd2 Bb4 24. Rdd1 b5 25. Rac1 bxc4 26. bxc4 Bc5 27. Rb1 Rdd8
28. a4 Bb4 29. f4 Nc6 30. Nc7 Rxd1 31. Rxd1 e4 32. Rd7+ Kh8 33. Nd5 Rf8 34. Bg6
Nd4 35. Nxb4 1-0

[Event "Titled Tue 17th Jun Late"]
[Site "chess.com INT"]
[Date "2025.06.17"]
[Round "1"]
[White "Kochetkov, German"]
[Black "Hansen, Eric"]
[Result "0-1"]
[WhiteTitle "IM"]
[BlackTitle "GM"]
[WhiteElo "2277"]
[BlackElo "2609"]
[WhiteFideId "13500635"]
[BlackFideId "2606771"]
[EventDate "2025.06.17"]

1. f4 Nf6 2. Nf3 g6 3. g3 Bg7 4. Bg2 O-O 5. O-O c5 6. c4 Nc6 7. Nc3 d5 8. d3
dxc4 9. dxc4 Be6 10. Be3 Ng4 11. Bxc5 Qa5 12. Bf2 Nxf2 13. Rxf2 Bxc4 14. Qe1
Rfd8 15. e4 e5 16. f5 Nb4 17. Nd5 Bxd5 18. exd5 Qb6 19. fxg6 hxg6 20. Qe4 f5 21.
Qh4 Nd3 22. Rf1 Nxf2 23. Rxf2 e4 24. Ng5 Rxd5 25. Bxe4 Rd2 26. Qh7+ Kf8 27. Ne6+
Qxe6 28. Rxd2 Qxe4 29. Qxg6 Qe1+ 30. Kg2 Qxd2+ 31. Kh3 Qd7 0-1

[Event "Titled Tue 17th Jun Late"]
[Site "chess.com INT"]
[Date "2025.06.17"]
[Round "1"]
[White "Khanbutaev, Artemii"]
[Black "Thomforde-Toates, Noah"]
[Result "1-0"]
[WhiteElo "2139"]
[BlackElo "2128"]
[WhiteFideId "55747175"]
[BlackFideId "30951992"]
[EventDate "2025.06.17"]

1. d4 Nf6 2. c4 g6 3. Nc3 Bg7 4. e4 d6 5. Be2 O-O 6. Be3 c5 7. d5 e6 8. Nf3 exd5
9. cxd5 Re8 10. Nd2 a6 11. a4 h5 12. h3 Nbd7 13. O-O Rb8 14. Qc2 b6 15. Rab1 Bb7
16. b4 Qe7 17. bxc5 bxc5 18. Nc4 Ne5 19. Na5 Ba8 20. Rxb8 Rxb8 21. Rb1 Rb4 22.
Rxb4 cxb4 23. Na2 Kh7 24. Nxb4 Ned7 25. Bd3 Bh6 26. Bxh6 Kxh6 27. Nbc6 Qe8 28.
f3 Nc5 29. Be2 h4 30. e5 Nxd5 31. Qd2+ g5 32. Qxd5 Nxa4 33. Qxd6+ Kh7 34. Bd3+
Kg8 35. Ne7+ Kf8 36. Qh6+ Kxe7 37. Qd6# 1-0

[Event "Titled Tue 17th Jun Late"]
[Site "chess.com INT"]
[Date "2025.06.17"]
[Round "1"]
[White "Anhwere, Bernard"]
[Black "Sethuraman, Roshan"]
[Result "0-1"]
[WhiteTitle "CM"]
[WhiteElo "1906"]
[BlackElo "2074"]
[WhiteFideId "12600580"]
[BlackFideId "30965250"]
[EventDate "2025.06.17"]

1. d4 Nf6 2. c4 e6 3. Nf3 d5 4. g3 dxc4 5. Bg2 a6 6. O-O c5 7. a4 Nc6 8. dxc5
Bxc5 9. Qc2 O-O 10. Qxc4 Qe7 11. Nc3 h6 12. Bf4 Rd8 13. Rad1 Rxd1 14. Rxd1 e5
15. Bc1 Be6 16. Qh4 Rd8 17. Rxd8+ Qxd8 18. h3 Be7 19. Be3 Ng4 20. Qh5 g6 21.
Qxg4 Bxg4 22. hxg4 Kg7 23. Nd2 Bg5 24. Bxg5 Qxg5 25. Nde4 Qxg4 26. Bf3 Qd7 27.
Nc5 Qc7 28. Nd5 Qc8 29. Nb6 Qd8 30. Nd5 Nd4 31. Bg2 Nxe2+ 32. Kf1 Nd4 33. Nxb7
Qc8 34. Nc3 Qc4+ 35. Kg1 Ne2+ 36. Nxe2 Qxe2 37. Nc5 Qxb2 38. Bf1 a5 39. Nd3 Qd4
40. Kg2 e4 41. Nf4 Qxa4 42. Nd5 Qc6 43. Ne3 a4 44. Nc4 e3+ 0-1

[Event "Titled Tue 17th Jun Late"]
[Site "chess.com INT"]
[Date "2025.06.17"]
[Round "1"]
[White "Ruddell, Solomon"]
[Black "Nakonechnyi, Oleksii"]
[Result "0-1"]
[BlackTitle "CM"]
[WhiteElo "1992"]
[BlackElo "2222"]
[WhiteFideId "2060353"]
[BlackFideId "34173714"]
[EventDate "2025.06.17"]

1. Nc3 Nf6 2. e4 d6 3. d4 g6 4. Nf3 Bg7 5. Be2 O-O 6. h3 a6 7. a4 Nbd7 8. O-O e5
9. Be3 exd4 10. Nxd4 Re8 11. f3 Nc5 12. Qd2 d5 13. b4 Ne6 14. e5 Nh5 15. f4 Ng3
16. Rf3 Nxe2+ 17. Ncxe2 Nxd4 18. Nxd4 f6 19. exf6 Qxf6 20. c3 Re4 21. f5 Bd7 22.
a5 Rae8 23. Re1 c6 24. Re2 Qe5 25. fxg6 hxg6 26. Rff2 Rxe3 27. Qc2 Rxe2 28. Rxe2
Qf6 29. Rf2 Qd6 30. Qd3 Re4 31. Nf3 Bf5 32. Nh4 Rxh4 0-1

[Event "Titled Tue 17th Jun Late"]
[Site "chess.com INT"]
[Date "2025.06.17"]
[Round "1"]
[White "Lazaro Azcutia, Miguel"]
[Black "Manukyan, Sargis A."]
[Result "0-1"]
[WhiteTitle "CM"]
[BlackTitle "FM"]
[WhiteElo "2275"]
[BlackElo "2294"]
[WhiteFideId "54538254"]
[BlackFideId "13303970"]
[EventDate "2025.06.17"]

1. e4 c5 2. Nf3 d6 3. d4 cxd4 4. Nxd4 Nf6 5. Nc3 g6 6. Be3 Bg7 7. f3 O-O 8. Qd2
Nc6 9. O-O-O d5 10. exd5 Nxd5 11. Nxc6 bxc6 12. Bd4 Nxc3 13. Qxc3 Bh6+ 14. Be3
Bxe3+ 15. Qxe3 Qb6 16. Re1 Be6 17. h4 Rfd8 18. h5 Qxe3+ 19. Rxe3 Kg7 20. Bd3 Rd5
21. h6+ Kf6 22. g3 Rad8 23. b3 Bf5 24. Bxf5 gxf5 25. Rc3 R8d6 26. Rc4 Kg5 27.
Rch4 e6 28. g4 Kf6 29. Rg1 fxg4 30. Rgxg4 Rg5 31. Rf4+ Kg6 32. Ra4 Rd7 33. Rac4
Rc7 34. Kb2 Rh5 35. Rxh5 Kxh5 36. a4 Kxh6 37. Ka3 Kg5 38. Kb4 c5+ 39. Kb5 h5 40.
Re4 h4 41. c3 h3 42. Re1 Kf4 43. b4 cxb4 44. cxb4 Kxf3 45. a5 Kg2 46. Ka6 h2 47.
b5 h1=Q 48. Rxh1 Kxh1 49. b6 axb6 50. axb6 Rc6 0-1

[Event "Titled Tue 17th Jun Late"]
[Site "chess.com INT"]
[Date "2025.06.17"]
[Round "1"]
[White "Salem, A.R. Saleh"]
[Black "Demaria, Juan Pablo"]
[Result "1-0"]
[WhiteTitle "GM"]
[BlackTitle "FM"]
[WhiteElo "2627"]
[BlackElo "2215"]
[WhiteFideId "9301348"]
[BlackFideId "104922"]
[EventDate "2025.06.17"]

1. d4 d5 2. c4 e6 3. Nf3 Nf6 4. g3 Be7 5. Bg2 O-O 6. O-O dxc4 7. Qc2 c5 8. dxc5
Bxc5 9. Qxc4 Na6 10. Nc3 Qe7 11. Bg5 h6 12. Bh4 e5 13. Nd5 Qe6 14. Bxf6 gxf6 15.
Rfd1 e4 16. Qxe4 f5 17. Qh4 Kg7 18. Nf4 Qb6 19. e3 Be6 20. Nh5+ Kh7 21. Ng5+ Kg6
22. Nf4+ Kg7 23. Nfxe6+ fxe6 24. Rd7+ Kg6 25. Rh7 1-0

[Event "Titled Tue 17th Jun Late"]
[Site "chess.com INT"]
[Date "2025.06.17"]
[Round "1"]
[White "Kadam, Om Manish"]
[Black "Nakara Husain"]
[Result "1-0"]
[WhiteTitle "FM"]
[WhiteElo "2321"]
[BlackElo "1713"]
[WhiteFideId "45076294"]
[BlackFideId "25636111"]
[EventDate "2025.06.17"]

1. Nf3 d5 2. g3 Nf6 3. Bg2 g6 4. O-O Bg7 5. b3 O-O 6. Bb2 c5 7. d3 Nc6 8. Nbd2
Re8 9. c4 d4 10. Ne4 Nxe4 11. dxe4 e5 12. Ne1 Kh8 13. Nd3 f5 14. Qd2 Qe7 15.
exf5 Bxf5 16. Ba3 Bxd3 17. exd3 Rac8 18. Rae1 b6 19. f4 Qd6 20. f5 Ne7 21. fxg6
Nxg6 22. Bc1 Rf8 23. Qg5 Rce8 24. Be4 Bf6 25. Qh5 Rg8 26. Bd5 Rgf8 27. Be4 Rg8
28. Rf3 Re7 29. Ref1 Nf4 30. Bxf4 exf4 31. Rxf4 Be5 32. Rf7 Rg7 33. Rf8+ Rg8 34.
R1f7 Rxf7 35. Rxf7 1-0

[Event "Titled Tue 17th Jun Late"]
[Site "chess.com INT"]
[Date "2025.06.17"]
[Round "1"]
[White "Ristic, Nebojsa M"]
[Black "Linares Orellana, Hector Jose"]
[Result "1-0"]
[WhiteTitle "IM"]
[BlackTitle "FM"]
[WhiteElo "2248"]
[BlackElo "2111"]
[WhiteFideId "900850"]
[BlackFideId "7304307"]
[EventDate "2025.06.17"]

1. d4 d5 2. Bf4 Nf6 3. e3 e6 4. Nf3 Bd6 5. Bg3 O-O 6. Nbd2 b6 7. c3 Bb7 8. Bd3
Ne4 9. Qe2 f5 10. Ne5 Nd7 11. f4 Nxd2 12. Qxd2 Nf6 13. Bh4 c5 14. Qe2 Qc7 15.
Bxf6 Rxf6 16. g4 Bxe5 17. fxe5 Rff8 18. gxf5 exf5 19. O-O-O c4 20. Bc2 b5 21.
Rdg1 a5 22. Rg5 Qd7 23. Rhg1 g6 24. h4 Kf7 25. Bxf5 Qe7 26. h5 Ra6 27. hxg6+
hxg6 28. Bxg6+ Kg7 29. Bf5+ Kf7 30. Qh5+ 1-0

[Event "Titled Tue 17th Jun Late"]
[Site "chess.com INT"]
[Date "2025.06.17"]
[Round "1"]
[White "Watanabe, Akira"]
[Black "Volodin, Alexandr E."]
[Result "0-1"]
[WhiteTitle "FM"]
[BlackTitle "FM"]
[WhiteElo "2284"]
[BlackElo "2344"]
[WhiteFideId "7000227"]
[BlackFideId "34268871"]
[EventDate "2025.06.17"]

1. d4 Nf6 2. c4 e6 3. Nc3 Bb4 4. e3 O-O 5. Bd3 Re8 6. Ne2 d5 7. cxd5 exd5 8. O-O
c6 9. a3 Bd6 10. f3 c5 11. Bd2 Nc6 12. Rc1 b6 13. Kh1 Bb7 14. Bb1 Rc8 15. Na4
cxd4 16. exd4 Bb8 17. Nac3 h6 18. Bf4 Bxf4 19. Nxf4 Qd6 20. Qd2 Na5 21. Nd3 Nb3
22. Qc2 Nxc1 23. Rxc1 Ba6 24. Ne5 Bb7 25. Rd1 a6 26. Qf5 Qe6 27. Qf4 Rcd8 28.
Bf5 Qd6 29. Bd3 b5 30. Ne2 Bc8 31. Ng3 b4 32. axb4 Qxb4 0-1

[Event "Titled Tue 17th Jun Late"]
[Site "chess.com INT"]
[Date "2025.06.17"]
[Round "1"]
[White "Sobek, Jaroslav"]
[Black "Panin, Mikhail"]
[Result "0-1"]
[WhiteTitle "FM"]
[BlackTitle "CM"]
[WhiteElo "2195"]
[BlackElo "2255"]
[WhiteFideId "301388"]
[BlackFideId "34164992"]
[EventDate "2025.06.17"]

1. d4 Nf6 2. c4 g6 3. Nc3 Bg7 4. e4 d6 5. h3 O-O 6. Bg5 c5 7. d5 Qa5 8. Bd2 a6
9. Nf3 b5 10. cxb5 axb5 11. Bxb5 Nxe4 12. Bd3 Nxd2 13. Qxd2 Ba6 14. O-O Nd7 15.
Rfe1 Rfe8 16. Re3 Rab8 17. Rae1 Rxb2 18. Qxb2 Bxc3 19. Qc2 Bxd3 20. Qxd3 Bxe1
21. Rxe1 Qxa2 22. Qb5 Qa7 23. Qc4 Nf6 24. g4 h6 25. Kg2 Qb7 26. Rd1 Rb8 27. Kg3
Qb3 0-1

[Event "Titled Tue 17th Jun Late"]
[Site "chess.com INT"]
[Date "2025.06.17"]
[Round "1"]
[White "Maksimovic, Bojan"]
[Black "Bouchet, Sebastien"]
[Result "1/2-1/2"]
[WhiteTitle "IM"]
[BlackTitle "CM"]
[WhiteElo "2514"]
[BlackElo "2180"]
[WhiteFideId "14408120"]
[BlackFideId "623571"]
[EventDate "2025.06.17"]

1. a3 e5 2. h3 d5 3. e3 g6 4. d4 Nc6 5. Bb5 exd4 6. exd4 Ne7 7. Nc3 Bg7 8. Nge2
O-O 9. Bf4 a6 10. Bxc6 Nxc6 11. Qd2 b5 12. Bh6 Re8 13. Bxg7 Kxg7 14. O-O Bb7 15.
Nf4 Qd6 16. Rae1 Ne7 17. Nd3 Nf5 18. Nc5 Bc6 19. Nd1 Qf6 20. c3 Nd6 21. Ne3 h5
22. f3 a5 23. Re2 b4 24. cxb4 axb4 25. axb4 Re7 26. Rfe1 Rae8 27. Nc2 Nc4 28.
Rxe7 Nxd2 29. Rxe8 Bxe8 30. Rxe8 Qg5 31. Kf2 h4 32. Ne3 Qg3+ 33. Ke2 Nc4 34. Kf1
Nd2+ 35. Ke2 Nc4 36. Kf1 Nd2+ 37. Ke2 1/2-1/2

[Event "Titled Tue 17th Jun Late"]
[Site "chess.com INT"]
[Date "2025.06.17"]
[Round "1"]
[White "Kosakowski, Jakub"]
[Black "Jasinski, Alexander"]
[Result "1-0"]
[WhiteTitle "GM"]
[WhiteElo "2548"]
[BlackElo "1989"]
[WhiteFideId "1185080"]
[BlackFideId "55627994"]
[EventDate "2025.06.17"]

1. e4 c5 2. Nf3 d6 3. Bc4 e6 4. O-O g6 5. c3 Bg7 6. d4 cxd4 7. cxd4 Ne7 8. Nc3
O-O 9. Bb3 Nbc6 10. Re1 e5 11. dxe5 dxe5 12. Qxd8 Rxd8 13. Be3 h6 14. h3 Nd4 15.
Bxd4 exd4 16. Nd5 Nxd5 17. exd5 Bf5 18. Rad1 d3 19. g4 Bd7 20. Ne5 Bxe5 21. Rxe5
Bb5 22. Re7 Ba6 23. Rc1 Rd6 24. f3 Kg7 25. Kf2 Kf6 26. Rcc7 Rf8 27. Ke3 Kg7 28.
f4 Kf6 29. h4 Kg7 30. g5 hxg5 31. hxg5 Rb6 32. d6 Rxd6 33. Bxf7 Rxf7 34. Rxf7+
Kg8 35. Rfd7 Re6+ 36. Kd2 Re2+ 37. Kd1 Rxb2 38. Rc8# 1-0

[Event "Titled Tue 17th Jun Late"]
[Site "chess.com INT"]
[Date "2025.06.17"]
[Round "1"]
[White "Vinolas Anglada, Laura"]
[Black "Leenhouts, Koen"]
[Result "0-1"]
[WhiteTitle "WCM"]
[BlackTitle "GM"]
[WhiteElo "2059"]
[BlackElo "2476"]
[WhiteFideId "24517925"]
[BlackFideId "1008439"]
[EventDate "2025.06.17"]

1. e4 e6 2. d4 d5 3. Nc3 Nf6 4. e5 Nfd7 5. Nce2 c5 6. c3 Nc6 7. Nf3 Be7 8. h4
O-O 9. g3 f5 10. Bg2 b5 11. Nf4 Nb6 12. O-O a5 13. Be3 Nc4 14. Qe2 Nxe3 15. Qxe3
Qb6 16. Rac1 c4 17. Ng5 Nd8 18. Qf3 Nf7 19. Nxf7 Rxf7 20. Qh5 Bd7 21. Nh3 b4 22.
Ng5 g6 23. Qe2 Rg7 24. Bf3 h6 25. Nh3 g5 26. hxg5 hxg5 27. Bg2 g4 28. Nf4 a4 29.
f3 a3 30. bxa3 Rxa3 31. cxb4 Qxd4+ 32. Qf2 Qxf2+ 33. Rxf2 Bxb4 34. Kf1 Bc5 35.
fxg4 Bxf2 36. gxf5 Bxg3 37. fxe6 Bxf4 38. exd7 Rxd7 39. Rd1 d4 0-1

[Event "Titled Tue 17th Jun Late"]
[Site "chess.com INT"]
[Date "2025.06.17"]
[Round "1"]
[White "Jagirapu, Harshin Reddy"]
[Black "Ady, Jonathan J."]
[Result "1-0"]
[BlackTitle "FM"]
[WhiteElo "2042"]
[BlackElo "2355"]
[WhiteFideId "39910679"]
[BlackFideId "6000240"]
[EventDate "2025.06.17"]

1. Nf3 Nf6 2. c4 c5 3. g3 Nc6 4. Bg2 d5 5. cxd5 Nxd5 6. O-O e5 7. d3 Be7 8. Nc3
Nc7 9. b3 O-O 10. Bb2 f6 11. Rc1 Be6 12. Nd2 Qd7 13. Nc4 b5 14. Ne3 Rad8 15. Ne4
Na6 16. Ba3 b4 17. Bb2 Nd4 18. Nc4 Bg4 19. Re1 f5 20. Nxe5 Qe6 21. Nxg4 fxe4 22.
Ne3 exd3 23. exd3 Bg5 24. f4 Bf6 25. Nd5 Qf7 26. Nxf6+ Qxf6 27. Qd2 Rfe8 28. Qf2
h5 29. Rc4 Rxe1+ 30. Qxe1 Nf3+ 31. Bxf3 Qxb2 32. Qe6+ Kh8 33. Qxa6 Qb1+ 34. Kg2
Qxd3 35. Qe6 Qd2+ 36. Qe2 Qd6 37. Bxh5 a5 38. Bf3 a4 39. Qf2 axb3 40. axb3 Qd3
41. Qxc5 Qd2+ 42. Kh3 Qd7+ 43. Bg4 Qd3 44. Qh5+ Kg8 45. Be6+ Kf8 46. Qf7# 1-0

[Event "Titled Tue 17th Jun Late"]
[Site "chess.com INT"]
[Date "2025.06.17"]
[Round "1"]
[White "Cornelisse, Lorelei"]
[Black "Eljanov, Pavel"]
[Result "1-0"]
[WhiteTitle "WFM"]
[BlackTitle "GM"]
[WhiteElo "2138"]
[BlackElo "2669"]
[WhiteFideId "1087177"]
[BlackFideId "14102951"]
[EventDate "2025.06.17"]

1. d4 d5 2. Nc3 Nf6 3. Bf4 e6 4. Nb5 Bb4+ 5. c3 Ba5 6. a4 a6 7. b4 Bxb4 8. cxb4
axb5 9. axb5 Rxa1 10. Qxa1 Nh5 11. Bg3 O-O 12. Nf3 Nxg3 13. hxg3 Nd7 14. e3 h6
15. Bd3 Nf6 16. Qb1 Qd6 17. Ne5 Nd7 18. Nf3 e5 19. dxe5 Nxe5 20. Nxe5 Qxe5 21.
O-O Rd8 22. Qc2 Be6 23. Rc1 Rd7 24. b6 c6 25. b5 Rd6 26. Qa4 Bd7 27. Qa8+ Qe8
28. Qxb7 cxb5 29. Qc7 Rc6 30. Rxc6 Bxc6 31. b7 Bxb7 32. Qxb7 d4 33. Qxb5 Qxb5
34. Bxb5 dxe3 35. fxe3 g6 36. Kf2 Kg7 37. g4 Kf6 38. Kf3 Ke5 39. Be8 Ke6 40. Kf4
Kf6 41. Bc6 Ke6 42. g5 hxg5+ 43. Kxg5 Ke7 44. Bd5 1-0

[Event "Titled Tue 17th Jun Late"]
[Site "chess.com INT"]
[Date "2025.06.17"]
[Round "1"]
[White "Deng, Henry"]
[Black "Montano Vicente, Guadalupe"]
[Result "1-0"]
[WhiteTitle "FM"]
[WhiteElo "2327"]
[BlackElo "1938"]
[WhiteFideId "30965454"]
[BlackFideId "5181399"]
[EventDate "2025.06.17"]

1. Nf3 Nf6 2. b3 g6 3. Bb2 d6 4. g3 Bg7 5. Bg2 O-O 6. O-O e5 7. d4 exd4 8. Nxd4
Ng4 9. h3 Ne5 10. c4 Qe7 11. Nc3 c6 12. Qd2 Nbd7 13. Rad1 Nc5 14. Rfe1 Ne6 15.
Nxe6 Bxe6 16. f4 Nd7 17. e4 Qe8 18. Qxd6 Nb6 19. Qc5 Qc8 20. Kh2 Rd8 21. Qf2 c5
22. Nd5 Bxd5 23. cxd5 Bxb2 24. Qxb2 c4 25. Qd4 cxb3 26. axb3 Qc2 27. b4 Rac8 28.
Rd2 Qb3 29. e5 Rc4 30. Qf2 Qxb4 31. Red1 Qc5 32. Qe2 Rc3 33. e6 Re8 34. exf7+
Kxf7 35. Qg4 h5 36. Qg5 Qd6 37. f5 gxf5 38. Qxf5+ Kg7 39. Rd3 Re3 40. Qg5+ Qg6
41. Qxe3 1-0

[Event "Titled Tue 17th Jun Late"]
[Site "chess.com INT"]
[Date "2025.06.17"]
[Round "1"]
[White "Yanev, Tihomir"]
[Black "Zou, Chen"]
[Result "0-1"]
[WhiteTitle "IM"]
[BlackTitle "IM"]
[WhiteElo "2354"]
[BlackElo "2443"]
[WhiteFideId "2910110"]
[BlackFideId "8610959"]
[EventDate "2025.06.17"]

1. d4 d5 2. c4 c6 3. Nf3 Nf6 4. e3 e6 5. Bd3 Nbd7 6. Nc3 Bd6 7. O-O O-O 8. e4
dxc4 9. Bxc4 e5 10. Bg5 Qc7 11. Rc1 exd4 12. Qxd4 Bc5 13. Qd2 Ng4 14. Bf4 Nge5
15. Nxe5 Nxe5 16. Be2 Qe7 17. Be3 Bxe3 18. Qxe3 Ng6 19. f4 f5 20. e5 Be6 21.
Rfd1 Rfd8 22. g3 a6 23. a3 Nf8 24. Na4 Rxd1+ 25. Bxd1 Rd8 26. Nc5 Bd5 27. Bb3
Ne6 28. Bxd5 Rxd5 29. Nxe6 Qxe6 30. Qb3 Rxe5 31. Qxb7 Rb5 32. Qxc6 Qe3+ 33. Kh1
h6 0-1

[Event "Titled Tue 17th Jun Late"]
[Site "chess.com INT"]
[Date "2025.06.17"]
[Round "1"]
[White "Fadi, Marko"]
[Black "Rustemov, Alexander"]
[Result "0-1"]
[WhiteTitle "FM"]
[BlackTitle "GM"]
[WhiteElo "2298"]
[BlackElo "2525"]
[WhiteFideId "10605371"]
[BlackFideId "4119002"]
[EventDate "2025.06.17"]

1. c4 c5 2. Nc3 g6 3. g3 Bg7 4. Bg2 Nc6 5. Nf3 b6 6. O-O Bb7 7. d3 Nf6 8. e4 O-O
9. h3 d6 10. Be3 Rc8 11. Qd2 Nd7 12. Rab1 a6 13. a3 Nd4 14. Ne2 Nxf3+ 15. Bxf3
b5 16. cxb5 axb5 17. b4 Ne5 18. Bg2 c4 19. d4 Nd3 20. Nc3 Qd7 21. Rfd1 Ra8 22.
Ra1 f5 23. d5 fxe4 24. Nxe4 Bxd5 25. Nf6+ Bxf6 26. Bxd5+ Kh8 27. Bxa8 Rxa8 28.
Ra2 d5 29. Kg2 e5 30. Bg5 Bg7 31. Qc2 e4 32. h4 Qf5 33. Qe2 h6 34. Bc1 d4 35. f3
Re8 36. fxe4 Rxe4 37. Qf3 Ne1+ 38. Rxe1 Qxf3+ 39. Kxf3 Rxe1 40. Bf4 d3 41. a4
bxa4 42. Rxa4 c3 43. Ra7 d2 44. Bxh6 d1=Q+ 0-1

[Event "Titled Tue 17th Jun Late"]
[Site "chess.com INT"]
[Date "2025.06.17"]
[Round "1"]
[White "Ferrara, Enzo"]
[Black "Liu, Xiangyi"]
[Result "1-0"]
[BlackTitle "IM"]
[WhiteElo "2138"]
[BlackElo "2370"]
[WhiteFideId "137731"]
[BlackFideId "8605718"]
[EventDate "2025.06.17"]

1. d4 Nf6 2. c4 e6 3. Nc3 Bb4 4. e3 b6 5. Ne2 Ba6 6. a3 Be7 7. Ng3 O-O 8. Qf3 c6
9. b4 d5 10. b5 cxb5 11. cxb5 Bb7 12. Bd3 Qc7 13. Bd2 Nbd7 14. Rc1 Bxa3 15. Rc2
Qd8 16. O-O Bd6 17. Rfc1 Qe7 18. Qe2 Rfc8 19. f4 Rc7 20. Nd1 Rac8 21. Be1 Ba3
22. Rxc7 Bxc1 23. Rxb7 Qa3 24. h3 g6 25. Kh2 h5 26. Nf1 Nf8 27. Bh4 Ne8 28. Be7
Qa4 29. Nf2 Ba3 30. Qa2 Rc3 31. Rb8 1-0

[Event "Titled Tue 17th Jun Late"]
[Site "chess.com INT"]
[Date "2025.06.17"]
[Round "1"]
[White "Tang, Andrew"]
[Black "Srivatsan Karthikeyan"]
[Result "1-0"]
[WhiteTitle "GM"]
[BlackTitle "CM"]
[WhiteElo "2529"]
[BlackElo "1851"]
[WhiteFideId "2059630"]
[BlackFideId "25684248"]
[EventDate "2025.06.17"]

1. d4 Nf6 2. c4 e6 3. Nc3 Bb4 4. Qc2 d5 5. cxd5 exd5 6. Bg5 c6 7. e3 O-O 8. Bd3
h6 9. Bh4 Nbd7 10. Ne2 Be7 11. O-O c5 12. dxc5 Nxc5 13. Rad1 Be6 14. Nf4 Rc8 15.
Bf5 Nfe4 16. Bxe7 Qxe7 17. Ncxd5 Qg5 18. Bxe4 Nxe4 19. Qxe4 Bf5 20. Qd4 Rfe8 21.
f3 Rc2 22. Rd2 Rec8 23. h4 Qg3 24. Nh5 Qg6 25. Ne7+ 1-0

[Event "Titled Tue 17th Jun Late"]
[Site "chess.com INT"]
[Date "2025.06.17"]
[Round "1"]
[White "Fiorito, Joaquin"]
[Black "Fedorov, Artem Alek"]
[Result "1-0"]
[WhiteTitle "IM"]
[BlackTitle "CM"]
[WhiteElo "2419"]
[BlackElo "2157"]
[WhiteFideId "180173"]
[BlackFideId "34418431"]
[EventDate "2025.06.17"]

1. d4 d5 2. Nf3 Nf6 3. c4 e6 4. g3 dxc4 5. Bg2 Bb4+ 6. Bd2 c5 7. O-O O-O 8. dxc5
Bxc5 9. Qc2 Nbd7 10. Qxc4 b5 11. Qxb5 Rb8 12. Qc4 Rxb2 13. Bc3 Rb6 14. Ba5 Ba6
15. Qc2 Qc8 16. Nc3 Rb5 17. Qa4 Rb2 18. Rac1 Bxe2 19. Nxe2 Rxe2 20. Nd4 Rb2 21.
Nb3 Re2 22. Nxc5 Nxc5 23. Qc4 Re5 24. Bb4 Nfd7 25. f4 Rd5 26. Bxd5 exd5 27. Qxd5
Nf6 28. Qxc5 Qa6 29. Qxf8# 1-0

[Event "Titled Tue 17th Jun Late"]
[Site "chess.com INT"]
[Date "2025.06.17"]
[Round "1"]
[White "Stankovic, Boris"]
[Black "Lazavik, Denis"]
[Result "0-1"]
[WhiteTitle "FM"]
[BlackTitle "GM"]
[WhiteElo "2298"]
[BlackElo "2580"]
[WhiteFideId "985317"]
[BlackFideId "13515110"]
[EventDate "2025.06.17"]

1. e4 c5 2. Nf3 d6 3. d4 cxd4 4. Nxd4 Nf6 5. Nc3 a6 6. Bg5 e6 7. f4 Be7 8. Qf3
Qc7 9. O-O-O Nbd7 10. Bd3 b5 11. Rhe1 Bb7 12. Qh3 Nc5 13. e5 dxe5 14. fxe5 Nd5
15. Bxe7 Qxe7 16. Nxd5 Bxd5 17. Nb3 Bxb3 18. axb3 Rd8 19. Be2 Rxd1+ 20. Rxd1
Qg5+ 21. Kb1 Qxe5 22. Bf3 O-O 23. Qg4 g6 24. h4 h5 25. Qb4 Rc8 26. Re1 Qf5 27.
Re2 Rd8 28. Rd2 Rxd2 29. Qxd2 Qe5 30. b4 Na4 31. c3 Qc7 32. Bd1 Nb6 33. Bb3 Nc4
34. Bxc4 Qxc4 35. Qd8+ Kg7 36. g3 Qe4+ 37. Kc1 Qe1+ 38. Kc2 Qxg3 39. Qb6 Qg2+
40. Kb1 Qh1+ 41. Kc2 Qxh4 42. Qxa6 Qe4+ 43. Kc1 h4 44. Qxb5 h3 45. Qb8 Qh1+ 46.
Kc2 Qg2+ 47. Kb3 h2 48. Qe5+ Kh7 49. Qf6 h1=Q 50. Qxf7+ Kh6 51. Qf4+ Kh5 52.
Qe5+ Kg4 53. Qxe6+ Kf4 54. Qf6+ Ke3 55. Qe5+ Qe4 56. Qg5+ Qf4 57. Qc5+ Ke2 58.
b5 Qd1+ 59. Ka2 Qfa4+ 60. Qa3 Qdb3+ 0-1

[Event "Titled Tue 17th Jun Late"]
[Site "chess.com INT"]
[Date "2025.06.17"]
[Round "1"]
[White "Perry, Patrick"]
[Black "Haddouche, Mohamed"]
[Result "0-1"]
[BlackTitle "GM"]
[WhiteElo "2296"]
[BlackElo "2490"]
[WhiteFideId "30917727"]
[BlackFideId "7900660"]
[EventDate "2025.06.17"]

1. e4 e5 2. f4 d5 3. d4 Nf6 4. fxe5 Nxe4 5. Nf3 c5 6. c3 Nc6 7. Be3 cxd4 8. cxd4
Bb4+ 9. Nbd2 Bg4 10. Be2 Qb6 11. O-O O-O 12. Nxe4 dxe4 13. Ng5 Bxe2 14. Qxe2
Nxd4 15. Qf2 Bc5 16. Nxe4 Ne2+ 17. Qxe2 Bxe3+ 18. Kh1 Rae8 19. Rf5 Bd4 20. Raf1
Rxe5 21. Rxe5 Bxe5 22. b3 h6 23. Nd2 Bf6 24. Nc4 Qc6 25. Rd1 Re8 26. Qg4 b5 27.
Nd2 Qc2 28. Nf3 Qxd1+ 0-1